Top 10 Sith Lords STAR WARS - Statistics

General Stats
  • This quiz has been taken 53 times
  • The average score is 8 of 12
Answer Stats
Hint Answer % Correct
HM Darth Maul
96%
1 Darth Sidious
96%
2 Darth Vader
96%
10 Darth Tyrannus/Count Dooku
93%
7 Darth Bane
78%
4 Darth Revan
70%
5 Darth Plagueis
63%
3 Darth Nihilus
48%
9 Darth Malgus
46%
6 Darth Vitiate
35%
HM Darth Malak
33%
8 Star Killer/Galen Marek
9%
No matching quizzes found
Score Distribution
Percent of People with Each Score
Percentile by Number Answered
Your Score History
You have not taken this quiz